[Event "Auckland Trusts op 45th"]
[Site "Auckland"]
[Date "2023.06.05"]
[Round "6"]
[White "Braganza, Nadia"]
[Black "Thurner, Anya"]
[Result "1-0"]
[WhiteElo "1753"]
[BlackElo "1697"]
[PlyCount "93"]
[EventDate "2023.06.03"]
[EventType "swiss"]
[EventRounds "6"]
[EventCountry "NZL"]
[SourceTitle "EXT 2024"]
[Source "ChessBase"]
[SourceDate "2023.10.10"]
[SourceVersion "1"]
[SourceVersionDate "2023.10.10"]
[SourceQuality "1"]

1. c4 e6 2. g3 Nf6 3. Bg2 d5 4. Nf3 Be7 5. 0-0 0-0 6. b3 c5 7. Bb2 Nc6 8. e3 Qc7 9. Nc3 a6 10. cxd5 exd5 11. d4 Be6 12. Rc1 cxd4 13. exd4 Rac8 14. Ne5 Qb6 15. Na4 Qa7 16. Nxc6 bxc6 17. Nc5 Bxc5 18. Rxc5 Nd7 19. Rc1 Rfd8 20. Ba3 c5 21. dxc5 Nxc5 22. Qd4 Rc6 23. Bxc5 Qc7 24. Ba3 Rc8 25. Qb2 Rc2 26. Rxc2 Qxc2 27. Rc1 Qd3 28. Rxc8+ Bxc8 29. Qc1 Be6 30. Bc5 h6 31. h4 Qe2 32. a3 Qd3 33. b4 Qb3 34. Qa1 Qa4 35. Bf1 Bf5 36. Bd4 f6 37. Bg2 Qb3 38. Bc5 Kf7 39. a4 Bd7 40. a5 Be6 41. Qf1 Bc8 42. Qe2 Qb1+ 43. Kh2 Qf5 44. Qe7+ Kg6 45. Qe8+ Kh7 46. h5 Be6 47. Qg6+ 1-0

[Event "Auckland Trusts op 45th"]
[Site "Auckland"]
[Date "2023.06.05"]
[Round "5"]
[White "McLaren, Leonard"]
[Black "Braganza, Nadia"]
[Result "1-0"]
[WhiteElo "2064"]
[BlackElo "1753"]
[PlyCount "93"]
[EventDate "2023.06.03"]
[EventType "swiss"]
[EventRounds "6"]
[EventCountry "NZL"]
[SourceTitle "EXT 2024"]
[Source "ChessBase"]
[SourceDate "2023.10.10"]
[SourceVersion "1"]
[SourceVersionDate "2023.10.10"]
[SourceQuality "1"]

1. e4 c5 2. c4 Nc6 3. Nc3 g6 4. g3 Bg7 5. Bg2 e5 6. Nge2 Nge7 7. 0-0 0-0 8. d3 d6 9. a3 a5 10. Rb1 Kh8 11. Be3 f5 12. Qd2 Nd4 13. Bg5 Qd7 14. b4 axb4 15. axb4 Nxe2+ 16. Qxe2 cxb4 17. Bxe7 Qxe7 18. Rxb4 f4 19. Rfb1 Qf7 20. Qb2 f3 21. Bf1 g5 22. Rb6 Rd8 23. Nd5 Ra7 24. Qd2 h6 25. Qe3 Ra5 26. R6b2 Rc5 27. Qd2 Bf8 28. Qb4 Kg7 29. Ra2 h5 30. Qb6 Qd7 31. Ra7 h4 32. Qb2 Qe6 33. Nb6 hxg3 34. hxg3 Rc7 35. Nxc8 Qxc8 36. d4 Kf6 37. c5 Rh7 38. dxe5+ Kg6 39. Rxb7 Rxb7 40. Qxb7 Qxb7 41. Rxb7 dxc5 42. Bh3 Bg7 43. Bf5+ Kh6 44. Kh2 Rd2 45. Kh3 g4+ 46. Kxg4 Rxf2 47. Rb6+ 1-0

[Event "Auckland Trusts op 45th"]
[Site "Auckland"]
[Date "2023.06.03"]
[Round "2"]
[White "Mao, Daqi"]
[Black "Braganza, Nadia"]
[Result "1-0"]
[WhiteElo "1989"]
[BlackElo "1753"]
[PlyCount "125"]
[EventDate "2023.06.03"]
[EventType "swiss"]
[EventRounds "6"]
[EventCountry "NZL"]
[SourceTitle "EXT 2024"]
[Source "ChessBase"]
[SourceDate "2023.10.10"]
[SourceVersion "1"]
[SourceVersionDate "2023.10.10"]
[SourceQuality "1"]

1. Nf3 d5 2. d4 Nf6 3. c4 e6 4. Nc3 Be7 5. cxd5 exd5 6. Bg5 h6 7. Bh4 0-0 8. e3 b6 9. Bd3 Bb7 10. 0-0 Nbd7 11. Rc1 c5 12. Qc2 Rc8 13. Bf5 Ra8 14. Rfd1 Re8 15. dxc5 bxc5 16. Bg3 a6 17. Rd2 Nb6 18. b3 Bc8 19. Rcd1 Bxf5 20. Qxf5 Qc8 21. Qc2 Qb7 22. a4 a5 23. Be5 Red8 24. Nh4 Ng4 25. Bg3 Bf6 26. Nb5 Ne5 27. Qxc5 Rac8 28. Qa3 Qd7 29. h3 g5 30. Bxe5 Bxe5 31. Nf3 Bg7 32. Nfd4 g4 33. hxg4 Qxg4 34. Qa2 h5 35. Qb1 Rd7 36. Qf5 Qg6 37. Qxg6 fxg6 38. Ne2 Be5 39. e4 Rcd8 40. f4 Bg7 41. e5 Bf8 42. Ned4 Bc5 43. Kh2 Rf8 44. Ne6 Rc8 45. Rc1 Be3 46. Rxc8+ Nxc8 47. Rd3 Bb6 48. Nc3 Ne7 49. Ne4 Rb7 50. Nf6+ Kh8 51. Nxd5 Rd7 52. Nb4 Rxd3 53. Nxd3 Nf5 54. b4 axb4 55. Nxb4 h4 56. Nc6 Bf2 57. a5 Bg3+ 58. Kh1 Bf2 59. a6 Ng3+ 60. Kh2 Ne4 61. a7 Bg3+ 62. Kg1 Bf2+ 63. Kf1 1-0

[Event "NZL-ch op-A 130th"]
[Site "Wellington"]
[Date "2023.01.06"]
[Round "5"]
[White "Braganza, Nadia"]
[Black "Thomas, Benjamin"]
[Result "1/2-1/2"]
[WhiteElo "1627"]
[BlackElo "2038"]
[PlyCount "112"]
[EventDate "2023.01.02"]
[EventType "swiss"]
[EventRounds "9"]
[EventCountry "NZL"]
[SourceTitle "CBM 212 Extra"]
[Source "ChessBase"]
[SourceDate "2023.03.31"]
[SourceVersion "1"]
[SourceVersionDate "2023.03.31"]
[SourceQuality "1"]

1. c4 e5 2. Nc3 Nf6 3. g3 Bb4 4. Bg2 0-0 5. e3 c6 6. Nge2 d6 7. 0-0 Na6 8. d4 Qe7 9. a3 Bxc3 10. Nxc3 Nc7 11. d5 cxd5 12. cxd5 e4 13. Qd4 Re8 14. b4 Qe5 15. Qxe5 Rxe5 16. Bb2 Bf5 17. Ne2 Rxd5 18. Bxf6 gxf6 19. Nd4 Bg6 20. Rfc1 Nb5 21. Nxb5 Rxb5 22. Rc7 Rb6 23. h4 a5 24. g4 h5 25. gxh5 Bxh5 26. Bxe4 axb4 27. Rb1 Rxa3 28. Rxb7 Rxb7 29. Bxb7 Ra4 30. Bc6 Ra6 31. Bd5 Rb6 32. f3 Kf8 33. Kf2 Ke7 34. Ke2 f5 35. Kd3 f4 36. exf4 Bg6+ 37. Be4 Ke6 38. Kd4 Rb5 39. Rb3 d5 40. Bd3 Bxd3 41. Kxd3 Kf5 42. h5 Kf6 43. Kd4 Kg7 44. Ke5 Kh6 45. Kf6 d4 46. Kxf7 Rb7+ 47. Ke6 d3 48. Rxd3 b3 49. Rd1 b2 50. Rb1 Kxh5 51. f5 Rb6+ 52. Ke7 Rb7+ 53. Kd6 Kg5 54. Ke5 Rb5+ 55. Ke4 Rb4+ 56. Kd3 Kxf5 1/2-1/2

[Event "Henderson Trusts op-A 43rd"]
[Site "Henderson"]
[Date "2021.06.07"]
[Round "6"]
[White "Braganza, Nadia"]
[Black "Le Grange, Rauen"]
[Result "1/2-1/2"]
[WhiteElo "1648"]
[BlackElo "1615"]
[PlyCount "60"]
[EventDate "2021.06.05"]
[EventType "swiss"]
[EventRounds "6"]
[EventCountry "NZL"]
[SourceTitle "EXT 2024"]
[Source "ChessBase"]
[SourceDate "2023.10.10"]
[SourceVersion "1"]
[SourceVersionDate "2023.10.10"]
[SourceQuality "1"]

1. e4 e5 2. Nf3 Nf6 3. Nxe5 d6 4. Nf3 Nxe4 5. d4 d5 6. Bd3 Be7 7. 0-0 0-0 8. c4 c6 9. Nc3 Nxc3 10. bxc3 Bg4 11. h3 dxc4 12. Bxc4 Bf5 13. Bf4 Nd7 14. Ne5 Nb6 15. Bb3 Nd5 16. Bd2 Bd6 17. c4 Nf6 18. Bg5 Qc7 19. Bxf6 gxf6 20. Qh5 fxe5 21. Qxf5 exd4 22. Qg5+ Kh8 23. Qf6+ Kg8 24. Rfe1 Rae8 25. Qg5+ Kh8 26. Qf6+ Kg8 27. Qg5+ Kh8 28. Qf6+ Kg8 29. Qg5+ Kh8 30. Qf6+ Kg8 1/2-1/2

[Event "NZL-ch op 128th"]
[Site "Palmerston North"]
[Date "2021.01.07"]
[Round "6"]
[White "Metge, J Nigel"]
[Black "Braganza, Nadia"]
[Result "1/2-1/2"]
[WhiteElo "1857"]
[BlackElo "1648"]
[PlyCount "134"]
[EventDate "2021.01.02"]
[EventType "swiss"]
[EventRounds "9"]
[EventCountry "NZL"]
[SourceTitle "CBM 200 Extra"]
[Source "ChessBase"]
[SourceDate "2021.03.31"]
[SourceVersion "1"]
[SourceVersionDate "2021.03.31"]
[SourceQuality "1"]

1. d4 Nf6 2. c4 g6 3. Nc3 Bg7 4. e4 d6 5. Be2 0-0 6. Bg5 Nbd7 7. Qd2 c6 8. h4 e5 9. d5 cxd5 10. cxd5 Nc5 11. f3 h5 12. Nh3 Bd7 13. Nf2 Qa5 14. g4 Nb3 15. axb3 Qxa1+ 16. Ncd1 a5 17. Bxf6 Bxf6 18. gxh5 Rfc8 19. Nd3 Bb5 20. hxg6 fxg6 21. 0-0 Qa2 22. Nc3 Qxb3 23. Nc1 Qb4 24. Bxb5 Rxc3 25. bxc3 Qxb5 26. Qh6 Qe8 27. h5 Bg7 28. Qxg6 Qxg6+ 29. hxg6 Bh6 30. Nd3 Kg7 31. Rb1 Be3+ 32. Kf1 Kxg6 33. Ke2 Bh6 34. Rxb7 a4 35. c4 a3 36. Rb1 Ra5 37. Ra1 Ra4 38. Kd1 Be3 39. Ra2 Bd4 40. Kd2 Kf7 41. f4 exf4 42. Nxf4 Bb2 43. Nd3 Rxc4 44. Nxb2 axb2 45. Rxb2 Rxe4 46. Kd3 Rh4 47. Re2 Rh5 48. Kd4 Rh4+ 49. Kc3 Rh5 50. Kc4 Re5 51. Ra2 Ke7 52. Ra7+ Kd8 53. Rh7 Rg5 54. Ra7 Ke8 55. Rb7 Kd8 56. Rb5 Rg4+ 57. Kb3 Kc7 58. Kc3 Kc8 59. Rb6 Kc7 60. Rc6+ Kd7 61. Ra6 Kc7 62. Ra8 Kb6 63. Rc8 Rh4 64. Rc6+ Kb5 65. Rxd6 Kc5 66. Rd8 Ra4 67. d6 Kc6 1/2-1/2

[Event "NZL-ch op 128th"]
[Site "Palmerston North"]
[Date "2021.01.06"]
[Round "5"]
[White "Cunningham, Patrick D"]
[Black "Braganza, Nadia"]
[Result "0-1"]
[WhiteElo "1619"]
[BlackElo "1648"]
[PlyCount "62"]
[EventDate "2021.01.02"]
[EventType "swiss"]
[EventRounds "9"]
[EventCountry "NZL"]
[SourceTitle "CBM 200 Extra"]
[Source "ChessBase"]
[SourceDate "2021.03.31"]
[SourceVersion "1"]
[SourceVersionDate "2021.03.31"]
[SourceQuality "1"]

1. d4 Nf6 2. c4 g6 3. Nc3 Bg7 4. Nf3 d6 5. g3 0-0 6. Bg2 Nc6 7. 0-0 Bd7 8. Bg5 h6 9. Bd2 e5 10. dxe5 dxe5 11. Qc1 Kh7 12. Rd1 Re8 13. Bxh6 Bxh6 14. Ng5+ Bxg5 15. Qxg5 Nh5 16. Qxd8 Rexd8 17. Nd5 Be6 18. Bf3 Bxd5 19. Bxd5 Kg7 20. Kg2 Nf6 21. Bxc6 bxc6 22. b4 Rd6 23. a4 Rad8 24. Rdc1 c5 25. bxc5 Rc6 26. Rab1 Rxc5 27. Rb7 a5 28. Ra7 Rd4 29. Rb1 Rdxc4 30. Rb5 Rxb5 31. axb5 a4 0-1

[Event "George Trundle Reserves"]
[Site "Auckland"]
[Date "2020.01.11"]
[Round "8"]
[White "Braganza, Nadia"]
[Black "Nagorski, Alex"]
[Result "1/2-1/2"]
[WhiteElo "1643"]
[BlackElo "1874"]
[PlyCount "72"]
[EventDate "2020.01.04"]
[EventType "tourn"]
[EventRounds "9"]
[EventCountry "NZL"]
[SourceTitle "EXT 2021"]
[Source "ChessBase"]
[SourceDate "2020.10.23"]
[SourceVersion "1"]
[SourceVersionDate "2020.10.23"]
[SourceQuality "1"]

1. e4 e5 2. Nf3 Nc6 3. Bc4 Bc5 4. 0-0 Nf6 5. d3 d6 6. c3 Bg4 7. a4 a6 8. b4 Ba7 9. Re1 h6 10. Nbd2 0-0 11. h3 Bh5 12. Qb3 Nh7 13. g4 Bg6 14. Nf1 Qf6 15. Kg2 Ng5 16. Bxg5 hxg5 17. Qc2 Nd8 18. N1h2 Qe7 19. Ra2 Ne6 20. Bxe6 fxe6 21. Qd2 Rf4 22. b5 a5 23. c4 Bc5 24. Rf1 Raf8 25. Qxa5 Qf6 26. Ne1 Bxf2 27. Qd2 Bxe1 28. Qxe1 d5 29. Rxf4 exf4 30. Nf3 Rd8 31. cxd5 exd5 32. e5 Qe7 33. d4 Bd3 34. Qc3 Bc4 35. Rb2 Ra8 36. a5 Qe8 1/2-1/2

[Event "George Trundle Reserves"]
[Site "Auckland"]
[Date "2020.01.06"]
[Round "3"]
[White "Braganza, Nadia"]
[Black "Gibbons, Robert"]
[Result "0-1"]
[WhiteElo "1643"]
[BlackElo "1866"]
[PlyCount "84"]
[EventDate "2020.01.04"]
[EventType "tourn"]
[EventRounds "9"]
[EventCountry "NZL"]
[SourceTitle "EXT 2021"]
[Source "ChessBase"]
[SourceDate "2020.10.23"]
[SourceVersion "1"]
[SourceVersionDate "2020.10.23"]
[SourceQuality "1"]

1. e4 d5 2. exd5 Qxd5 3. Nc3 Qd6 4. d4 c6 5. Nf3 Nf6 6. Be2 Bf5 7. Ne5 Nbd7 8. Nc4 Qc7 9. g3 Nb6 10. Bf4 Qd8 11. Qd2 Nfd5 12. 0-0-0 e6 13. Nxd5 Nxd5 14. a3 Nxf4 15. Qxf4 Be7 16. Qe3 0-0 17. g4 Bg6 18. Ne5 Qd5 19. Bc4 Qe4 20. Qxe4 Bxe4 21. f3 Bd5 22. Bxd5 exd5 23. f4 Bd6 24. Rhf1 f6 25. Nd3 Rae8 26. Rde1 Kf7 27. Kd2 g6 28. Rxe8 Rxe8 29. Re1 Re4 30. Rxe4 dxe4 31. Nf2 Bxf4+ 32. Ke2 f5 33. gxf5 gxf5 34. h3 Bc1 35. Nd1 b5 36. Ne3 Ke6 37. b3 Bxe3 38. Kxe3 Kd5 39. c3 a5 40. h4 h5 41. Kf4 b4 42. axb4 axb4 0-1

[Event "NZL-ch op 126th"]
[Site "Auckland"]
[Date "2019.01.16"]
[Round "3"]
[White "Braganza, Nadia"]
[Black "Renjith, Sravan"]
[Result "0-1"]
[WhiteElo "1531"]
[BlackElo "1901"]
[PlyCount "124"]
[EventDate "2019.01.14"]
[EventType "swiss"]
[EventRounds "9"]
[EventCountry "NZL"]
[SourceTitle "CBM 188 Extra"]
[Source "ChessBase"]
[SourceDate "2019.02.26"]
[SourceVersion "1"]
[SourceVersionDate "2019.02.26"]
[SourceQuality "1"]

1. e4 e5 2. Nf3 Nf6 3. Nxe5 d6 4. Nf3 Nxe4 5. d4 d5 6. Bd3 Be7 7. 0-0 0-0 8. c4 Nf6 9. Nc3 dxc4 10. Bxc4 Bg4 11. Be3 Nbd7 12. h3 Bh5 13. Re1 Nb6 14. Bb3 Nfd5 15. Nxd5 Nxd5 16. Bxd5 Qxd5 17. Bf4 Bd6 18. Bxd6 Qxd6 19. g4 Bg6 20. Nh4 Rad8 21. Nxg6 fxg6 22. Qb3+ Kh8 23. Rad1 Qf6 24. Qe3 Qf7 25. b3 h5 26. Qg3 Rd6 27. Rd3 Rf6 28. Re2 Rf4 29. Kg2 c6 30. f3 Qf6 31. Qf2 Kg8 32. Qe3 Kh7 33. Qf2 Qf7 34. Qe3 hxg4 35. hxg4 Qd5 36. Qe5 Rxg4+ 37. Kf2 Qf7 38. Qh2+ Kg8 39. Qe5 Rh4 40. Qe6 Rh2+ 41. Kf1 Qxe6 42. Rxe6 Rxa2 43. Rxg6 Ra5 44. Re6 Rd5 45. Re7 Rf7 46. Re8+ Kh7 47. Re5 Rfd7 48. Rxd5 Rxd5 49. b4 Kg6 50. Ke2 Kf5 51. Ke3 Rb5 52. Ra3 a6 53. Ra5 Ke6 54. Rxb5 cxb5 55. Ke4 b6 56. f4 a5 57. bxa5 bxa5 58. d5+ Kd6 59. Kd4 a4 60. Kc3 Kxd5 61. Kb4 Ke4 62. Ka3 Kxf4 0-1

[Event "Waikato op"]
[Site "Hamilton"]
[Date "2018.07.28"]
[Round "3"]
[White "Lynn, William"]
[Black "Braganza, Nadia"]
[Result "0-1"]
[WhiteElo "1809"]
[BlackElo "1433"]
[PlyCount "130"]
[EventDate "2018.07.27"]
[EventType "swiss"]
[EventRounds "6"]
[EventCountry "NZL"]
[SourceTitle "CBM 186 Extra"]
[Source "ChessBase"]
[SourceDate "2018.08.24"]
[SourceVersion "1"]
[SourceVersionDate "2018.08.24"]
[SourceQuality "1"]

1. e4 c5 2. Nc3 Nc6 3. Bb5 g6 4. Bxc6 bxc6 5. d3 Bg7 6. Nge2 d6 7. f4 Nf6 8. 0-0 0-0 9. f5 Ng4 10. Qe1 Be5 11. Bf4 Bxf4 12. Nxf4 Bd7 13. Qg3 Ne5 14. f6 exf6 15. Nh5 Ng4 16. Nf4 f5 17. h3 Ne5 18. exf5 Bxf5 19. Nh5 Qc8 20. Nf6+ Kg7 21. Qh4 h6 22. g4 Be6 23. Nce4 Qc7 24. Rf2 Qb6 25. Raf1 c4 26. Kh2 cxd3 27. Nxd6 dxc2 28. Nf5+ Bxf5 29. gxf5 Qe3 30. fxg6 Nxg6 31. Nh5+ Kg8 32. Qf6 Qe5+ 33. Qxe5 Nxe5 34. Nf6+ Kg7 35. Rg1+ Ng6 36. Nh5+ Kh7 37. Rxc2 Rac8 38. Rc5 f5 39. Rd1 Rf7 40. Rd6 f4 41. Rcxc6 Rxc6 42. Rxc6 f3 43. Rf6 Rxf6 44. Nxf6+ Kg7 45. Ne4 Ne5 46. Kg3 Nd3 47. b3 f2 48. Nxf2 Nc1 49. Ne4 Nxa2 50. Nc5 Nc3 51. Kf3 Kf6 52. b4 Nd5 53. Nd3 Kf5 54. h4 h5 55. Kg3 Ke4 56. Nc5+ Kd4 57. Ne6+ Kc4 58. Nf4 Nxf4 59. Kxf4 Kxb4 60. Kg5 a5 61. Kxh5 a4 62. Kg6 a3 63. h5 a2 64. h6 a1Q 65. h7 Qh8 0-1

[Event "George Trundle Talents"]
[Site "Auckland"]
[Date "2018.07.15"]
[Round "9"]
[White "Braganza, Nadia"]
[Black "Jain, Uday"]
[Result "1-0"]
[WhiteElo "1433"]
[BlackElo "1354"]
[PlyCount "103"]
[EventDate "2018.07.07"]
[EventType "tourn"]
[EventRounds "9"]
[EventCountry "NZL"]
[SourceTitle "EXT 2019"]
[Source "ChessBase"]
[SourceDate "2018.10.10"]
[SourceVersion "1"]
[SourceVersionDate "2018.10.10"]
[SourceQuality "1"]

1. e4 c5 2. Nf3 g6 3. d4 cxd4 4. Nxd4 Nc6 5. Be3 Bg7 6. Nc3 Nf6 7. Bc4 Nxe4 8. Nxe4 d5 9. Bb5 dxe4 10. Nxc6 bxc6 11. Bxc6+ Bd7 12. Bxa8 Bxb2 13. Rb1 Bc3+ 14. Bd2 Bxd2+ 15. Qxd2 Qxa8 16. Qh6 e3 17. Qxe3 0-0 18. 0-0 Re8 19. Rfe1 a5 20. Rb2 Qd5 21. Qe5 Qxe5 22. Rxe5 Rd8 23. h3 Bc6 24. Rxe7 Rd1+ 25. Kh2 Rd2 26. Kg3 h5 27. h4 Rd4 28. f3 g5 29. hxg5 h4+ 30. Kf2 Rf4 31. Re3 Rf5 32. c4 Rxg5 33. Rb1 Bd7 34. Rh1 Rh5 35. Re4 h3 36. gxh3 Rf5 37. h4 Bc6 38. Re3 Rf4 39. Rg1+ Kh7 40. Rg4 Rxg4 41. fxg4 Bd7 42. g5 Be6 43. c5 Bxa2 44. c6 Bd5 45. c7 Bb7 46. Re8 Kg6 47. c8Q Bxc8 48. Rxc8 Kh5 49. Kg3 a4 50. Rc6 f6 51. Rxf6 a3 52. Rh6# 1-0

[Event "George Trundle Talents"]
[Site "Auckland"]
[Date "2018.07.13"]
[Round "7"]
[White "Braganza, Nadia"]
[Black "Park Tamati, Philli"]
[Result "1-0"]
[WhiteElo "1433"]
[BlackElo "1423"]
[PlyCount "107"]
[EventDate "2018.07.07"]
[EventType "tourn"]
[EventRounds "9"]
[EventCountry "NZL"]
[SourceTitle "EXT 2019"]
[Source "ChessBase"]
[SourceDate "2018.10.10"]
[SourceVersion "1"]
[SourceVersionDate "2018.10.10"]
[SourceQuality "1"]

1. e4 c6 2. d4 d5 3. Nc3 dxe4 4. Nxe4 Nd7 5. Nf3 Ngf6 6. Nxf6+ Nxf6 7. Be2 Bf5 8. c4 e6 9. Qb3 Qb6 10. Qxb6 axb6 11. a3 Be7 12. 0-0 0-0 13. Ne5 Rfd8 14. Be3 h6 15. Rfd1 Ne8 16. Rac1 Bf6 17. f4 Nd6 18. c5 Nc8 19. Kf1 b5 20. Rc3 Ne7 21. Bf3 Nd5 22. Bxd5 Rxd5 23. b4 Rad8 24. Ke1 h5 25. g3 h4 26. Rcc1 Ra8 27. Rc3 h3 28. Bf2 Bxe5 29. fxe5 Kh7 30. Be3 Kg6 31. Bf4 Kh5 32. Be3 Rad8 33. Bf2 Bg6 34. Be3 Kg4 35. Bf2 Bf5 36. Kd2 Rxe5 37. Kc1 Red5 38. Rd2 e5 39. Re3 e4 40. Re1 Bh7 41. Rf1 f5 42. Be3 g5 43. Rdf2 Rf8 44. Kb2 Rd7 45. Rg1 Kh5 46. g4+ Kh6 47. gxf5 Rg7 48. f6 Rg6 49. Rg3 Kh5 50. Rxh3+ Kg4 51. Rxh7 Rgxf6 52. Rxf6 Rxf6 53. Kc2 Rf3 54. Kd2 1-0

[Event "George Trundle Talents"]
[Site "Auckland"]
[Date "2018.07.12"]
[Round "6"]
[White "Deng, Abraham"]
[Black "Braganza, Nadia"]
[Result "1/2-1/2"]
[WhiteElo "1396"]
[BlackElo "1433"]
[PlyCount "118"]
[EventDate "2018.07.07"]
[EventType "tourn"]
[EventRounds "9"]
[EventCountry "NZL"]
[SourceTitle "EXT 2019"]
[Source "ChessBase"]
[SourceDate "2018.10.10"]
[SourceVersion "1"]
[SourceVersionDate "2018.10.10"]
[SourceQuality "1"]

1. e4 c5 2. Nf3 Nc6 3. Bb5 g6 4. Bxc6 bxc6 5. d3 Bg7 6. Nc3 d6 7. h3 Nf6 8. Be3 0-0 9. 0-0 Bd7 10. Qd2 Qb6 11. Rab1 a5 12. a3 Qc7 13. Na4 Rab8 14. c4 Rb7 15. e5 Ne8 16. exd6 exd6 17. Bf4 Qd8 18. Rfe1 Be6 19. d4 Bxc4 20. dxc5 Bd5 21. Nd4 Qf6 22. Rbd1 Qd8 23. cxd6 Nxd6 24. Nc5 Ra7 25. Nxc6 Bxc6 26. Bxd6 Re8 27. b3 Ra8 28. Qd3 Bf8 29. Rxe8 Qxe8 30. Bxf8 Qxf8 31. Qd4 Qe7 32. f3 Re8 33. Kh1 Qe2 34. Qd2 Qe7 35. b4 axb4 36. axb4 Qe5 37. Nd7 Bxd7 38. Qxd7 Qe7 39. Qxe7 Rxe7 40. Kg1 Rb7 41. Rb1 Kf8 42. Kf2 Ke7 43. Ke3 Kd6 44. Kd4 Rb5 45. Kc4 Re5 46. Rd1+ Kc6 47. Rd2 Re1 48. Rc2 Kb6 49. Rb2 Rc1+ 50. Kd3 Kb5 51. Ke3 Rc4 52. g4 f6 53. Ke2 Rxb4 54. Rxb4+ Kxb4 55. Kd3 Kc5 56. Ke4 Kd6 57. f4 h6 58. h4 Ke6 59. Kd4 Kd6 1/2-1/2

[Event "George Trundle Talents"]
[Site "Auckland"]
[Date "2018.07.11"]
[Round "5"]
[White "Braganza, Nadia"]
[Black "Gao, Hugh Zihuai"]
[Result "1/2-1/2"]
[WhiteElo "1433"]
[BlackElo "1360"]
[PlyCount "110"]
[EventDate "2018.07.07"]
[EventType "tourn"]
[EventRounds "9"]
[EventCountry "NZL"]
[SourceTitle "EXT 2019"]
[Source "ChessBase"]
[SourceDate "2018.10.10"]
[SourceVersion "1"]
[SourceVersionDate "2018.10.10"]
[SourceQuality "1"]

1. e4 c5 2. Nf3 d6 3. d4 cxd4 4. Nxd4 g6 5. Nc3 Bg7 6. Be3 Nf6 7. Be2 Nc6 8. 0-0 0-0 9. Qd2 Re8 10. a3 a5 11. Rab1 Bd7 12. Ndb5 Ne5 13. f4 Bxb5 14. Bxb5 Ned7 15. f5 Ng4 16. fxg6 hxg6 17. Nd5 Nxe3 18. Qxe3 Rb8 19. Qh3 e6 20. Bxd7 Qxd7 21. Nf6+ Bxf6 22. Rxf6 Kg7 23. Rff1 Rbc8 24. Qd3 Qc7 25. c3 Qb6+ 26. Rf2 Rh8 27. Qd4+ Qxd4 28. cxd4 Rh4 29. Re2 Rc4 30. Rd1 f5 31. exf5 exf5 32. Red2 Kf6 33. h3 Re4 34. Kf2 d5 35. Kf3 Kg5 36. g3 b6 37. Rd3 Rc2 38. R3d2 Rc4 39. Rd3 a4 40. R3d2 b5 41. Rd3 b4 42. R3d2 b3 43. Rd3 Rc2 44. R3d2 Rxd2 45. Rxd2 Re1 46. Kf2 Rh1 47. Kg2 Rc1 48. Kf3 Rc2 49. Re2 Kf6 50. Ke3 Rxe2+ 51. Kxe2 g5 52. Kf3 Kg6 53. Ke3 Kf6 54. Kf3 Kg6 55. Ke3 Kf6 1/2-1/2